| 000 | 00578nam a2200217 a 4500 | ||
|---|---|---|---|
| 001 | 16501 | ||
| 003 | CO-ViMGA | ||
| 008 | 141112s2004 ck r 000 u spa d | ||
| 020 | _a9701866827 | ||
| 040 |
_aCO-ViMGA _bspa _cCO-ViMGA |
||
| 082 | 0 | 4 | _a921.938 S627b |
| 100 | 1 |
_aBrun, Jean _923550 |
|
| 245 | 1 | 0 | _aSócrates |
| 260 |
_aMexico : _bConaculta, _cCruz, _c2001 |
||
| 300 | _a132.p. | ||
| 490 | _a¿Que se? | ||
| 590 | _aForma de adquisición : Premio - Mincultura | ||
| 650 | 1 | 4 |
_aFILOSOFOS GRIEGOS _923551 |
| 650 | 1 | 4 |
_aSOCRATES 470 - 399 A.C. _923552 |
| 942 |
_2ddc _cBK |
||
| 999 |
_c26314 _d26314 |
||